LEADER 03133nam 2200577 450 001 9910465428003321 005 20200520144314.0 010 $a1-62894-080-8 035 $a(CKB)3710000000222657 035 $a(EBL)1771460 035 $a(SSID)ssj0001292445 035 $a(PQKBManifestationID)12504105 035 $a(PQKBTitleCode)TC0001292445 035 $a(PQKBWorkID)11303494 035 $a(PQKB)10726698 035 $a(MiAaPQ)EBC1771460 035 $a(Au-PeEL)EBL1771460 035 $a(CaPaEBR)ebr10909648 035 $a(OCoLC)887803835 035 $a(EXLCZ)993710000000222657 100 $a20140830h20142014 uy 0 101 0 $aeng 135 $aur|n|---||||| 181 $ctxt 182 $cc 183 $acr 200 14$aThe crisis of Britain's surveillance state $esecurity, law enforcement, and the intelligence war in cyberspace /$fMusa Khan Jalalzai 210 1$aNew York :$cAlgora Publishing,$d2014. 210 4$d©2014 215 $a1 online resource (244 p.) 300 $aDescription based upon print version of record. 311 $a1-62894-078-6 320 $aIncludes bibliographical references. 327 $aIntroduction; Chapter 1. Britain's Incoherent Approach to National Security; apter 2. The Crisis of State and Security; Chapter 3. Metropolitan Police: Fixing the Window; Chapter 4. Racism, and the Police Department; Chapter 5. Discrimination, Criminal Gangs and Corruption in Borough Councils; Chapter 6. Extremism and Social Stratification; Chapter 7. How NHS Doctors Kill Patients through Liverpool Care Pathway in Britain's Hospitals; Chapter 8. Sectarian Conflict in Northern Ireland; Protestants and Catholics: Segregation ; Chapter 9. Intelligence and Surveillance Mechanisms 327 $aChapter 10. Intelligence War in Cyberspace: The Art of Fighting without FightingChapter 11. The Politics of Intelligence Surveillance in Britain; Chapter 12. Intelligence Cooperation in Afghanistan; Chapter 13. Britain and the Prospect of Nuclear Jihad; Postscript; Appendix 1. The Good Friday Agreement, 10 April 1998; Appendix 2. Five Eyes Intelligence Alliance; Bibliography 330 $aGreat Britain is in a great crisis, one that gets worse with every attempt to patch things up. The global spread of technology and international links enables a rapid rise in the traffic of dangerous ideas, dangerous materials and dangerous people. An international journalist ties together the common strands that create the fuse for unquenched violence in Great Britain, culminating in a many-faceted crisis for the British state. 606 $aElectronic surveillance$zGreat Britain 606 $aTerrorism$zGreat Britain$xPrevention 607 $aGreat Britain$xRacism 608 $aElectronic books. 615 0$aElectronic surveillance 615 0$aTerrorism$xPrevention. 676 $a363.25/2 700 $aJala?lza 'i?$b Mu?sa? Kha?n$0905688 801 0$bMiAaPQ 801 1$bMiAaPQ 801 2$bMiAaPQ 906 $aBOOK 912 $a9910465428003321 996 $aThe crisis of Britain's surveillance state$92025824 997 $aUNINA LEADER 02097nam 2200505 c 450 001 9911046227403321 005 20251209174757.0 024 7 $a10.21255/sgb-02-404936 035 $a(CKB)43929353300041 035 $a(EXLCZ)9943929353300041 100 $a20250327d2024 u| | 101 0 $ager 181 $ctxt$2rdacontent 182 $cc$2rdamedia 183 $acr$2rdacarrier 200 10$a<> Bischofsstadt zwischen Oberrhein und Jura$eBasel 800-1273$fMarco Bernasconi, Sven Billo, Andrea Casoli, Ju?rgen Dendorfer, Simon Erlanger, Hans-Jörg Gilomen, Roger Harmon, Stefan Hess, Sophie Hüglin, Heinz Krieg, Reto Marti, Christoph Matt, Jean-Claude Rebetez, Peter-Andrew Schwarz, Claudius Sieber-Lehmann, Sabine Söll-Tauchert, Thomas Zotz ; herausgegeben von Claudius Sieber-Lehmann und Peter-Andrew Schwarz 210 1$aBasel$cChristoph Merian Verlag$d[2024] 215 $a1 Online-Ressource (329 Seiten) 225 1 $aStadt.Geschichte.Basel$vBand 2 311 08$aErscheint auch als Print-Ausgabe 9783039690022 410 0$aStadt.Geschichte.Basel$v2$w991172310624505501 607 $aBasel$2gnd 676 $a940 676 $a949.4 700 $aBernasconi$b Marco$f1978-$4aut$01859265 702 $aSieber-Lehmann$b Claudius$f1956-$4edt$4aut 702 $aBillo$b Sven$f1988-$4aut 702 $aCasoli$b Andrea$f1983-$4aut 702 $aDendorfer$b Jürgen$f1971-$4aut 702 $aErlanger$b Simon$f1965-$4aut 702 $aGilomen$b Hans-Jörg$f1945-$4aut 702 $aHarmon$b Roger Eugene$f1942-$4aut 702 $aHess$b Stefan$f1965-$4aut 702 $aHüglin$b Sophie$f1965-$4aut 702 $aKrieg$b Heinz$f1966-$4aut 702 $aMarti$b Reto$f1962-$4aut 702 $aMatt$b Christoph$f1953-$4aut 702 $aRebetez$b Jean-Claude$f1963-$4aut 702 $aSchwarz$b Peter A$f1960-$4aut 702 $aSöll-Tauchert$b Sabine$f1970-$4aut 702 $aZotz$b Thomas$f1944-$4aut 801 0$bCH-ZuSLS UBS A100 912 $a9911046227403321 996 $aBischofsstadt zwischen Oberrhein und Jura$94462889 997 $aUNINA